• 首页
  • 本馆介绍
  • 公告通知
  • 最新文献
  • 馆藏检索
  • 电子资源
  • 读者导购
  • 参考咨询
  • 我的图书馆
  • 登录
  • 详细信息显示
  • 放入我的书架
  • 预约/预借图书
  • 作者相关作品
  • 分类相关作品
  • 丛书相关作品
  • 出版社相关作品

书目信息

  • 表格格式
  • 工作单格式
  • 卡片格式
题名:
新高考考点精析与星级训练数学
    
 
作者: 江兆林 主编
分册:  
出版信息: 青岛   青岛海洋大学出版社  2000
页数: 312页
开本: 26cm
丛书名:
单 册:
中图分类: O4-03 , G634.7
科图分类:
主题词: 教育--各级
电子资源:
ISBN: 7-81067-207-X
000 00701nam0 2200217 45
001 012001001324
005 20070613161452.59
010    @a7-81067-207-X@dCNY18.00
100    @a20010120d2000 emky0chiy0110 ea
101 0  @achi
102    @aCN@b370000
105    @ay z 000yy
200 1  @a新高考考点精析与星级训练数学@Axin gao kao kao dian jing xi yu xing ji xun lian shu xue@9wu li ke xue fang fa jiao yu@f江兆林等主编@Fjiang zhao lin deng zhu bian
210    @a青岛@c青岛海洋大学出版社@d2000
215    @a312页@d26cm
606 0  @a教育@x各级
690    @aO4-03@v4
690    @aG634.7@v3
701  0 @a江兆林@Ajiang zhao lin@4主编
801    @aCN@bTSTC@c20070613
905    @b324760-764@dG634.7@e756
    
    新高考考点精析与星级训练数学/江兆林等主编.-青岛:青岛海洋大学出版社,2000
    312页;26cm
    
    
    ISBN 7-81067-207-X:CNY18.00
    
●
相关链接 在E读中查询图书 在五车中查询图书 在当当中查询图书 在豆瓣中查询图书


正题名:新高考考点精析与星级训练数学     索取号:G634.7/756         预约/预借

序号 登录号 条形码 馆藏地/架位号 状态 备注
1 0643374   206433741   库房3/ [索取号:G634.7/756] 在馆    
2 0643375   206433750   库房3/ [索取号:G634.7/756] 在馆    
3 0643376   206433769   库房3/ [索取号:G634.7/756] 在馆    
唐山师范学院图书馆 欢迎您!
大连网信软件有限公司© 版权所有